Statistics for Railway Stations in Northamptonshire (UK)

Click here to take the quiz!

General Stats

  • This quiz has been taken 38 times
  • The average score is 5 of 6

Answer Stats

Served ByAnswer% Correct
EMRKettering
100%
LNWR,
Avanti WC
Northampton
100%
EMRCorby
94%
EMRWellingborough
81%
LNWRLong Buckby
75%
Chiltern
Railways,
GWR
Kings Sutton
50%

Score Distribution

Percentile by Number Answered

Percent of People with Each Score

Your Score History

You have not taken this quiz